Articulaciones urbanas : estrategia para la transformación y resignificación del espacio público de Barrio Cuba

Gorde:
Xehetasun bibliografikoak
Egile nagusia: Murillo Rivera, Sara, 1991-
Beste egile batzuk: Loría Quesada, Jorge Francisco Director del TFG
Formatua: Liburua
Hizkuntza:Spanish
Argitaratua: [San José, Costa Rica] 2021
Gaiak:
Etiketak: Etiketa erantsi
Etiketarik gabe, Izan zaitez lehena erregistro honi etiketa jartzen!

MARC

LEADER 00000nam a2200000Ia 4500
003 013492
005 20230331113925.0
008 140116s2021 cr a 000 ||spa d
040 |c cru CEDI 
100 |a Murillo Rivera, Sara, 1991-  |9 298 
245 |a Articulaciones urbanas : estrategia para la transformación y resignificación del espacio público de Barrio Cuba  
260 |a  [San José, Costa Rica]  |c 2021 
500 |a  Proyecto de graduación (licenciatura en arquitectura)--Universidad de Costa Rica. Facultad de Ingeniería. Escuela de Arquitectura 
501 |a Director de Proyecto de Graduación: M.Sc. Jorge Loría Quesada 
650 |x REHABILITACION URBANA - BARRIO CUBA (HOSPITAL, SAN JOSE, COSTA RICA)   |x ESPACIOS PUBLICOS - DISEÑO - BARRIO CUBA (HOSPITAL, SAN JOSE, COSTA RICA)  |x URBANISMO - BARRIO CUBA (HOSPITAL, SAN JOSE, COSTA RICA)   |x REMODELACION URBANA - BARRIO CUBA (HOSPITAL, SAN JOSE, COSTA RICA)  
700 |9 299  |a Loría Quesada, Jorge Francisco  |d Director del TFG 
942 |c CEDI  |h TFG 8643  |6 TFG_8643_000000000000000 
999 |c 21994  |d 21994